00494nam a2200205Ia 4500003000400000005001700004008004100021020002200062040000700084041000800091082001600099100001800115245004100133250000600174260004300180300001500223365001300238650001400251650002300265OSt20230616143502.0210423s2014 xx 000 0 und d a978-81-224-3203-9 cAL aeng a541.38 ARNE aARNIKAR (H J) aEssentials of nuclear chemistry Ed 4 a4 aNew DelhibNew Age Internationalc2014 axv,428bPB b295cINR aChemistry aPhysical Chemistry